Edison : A biography

In his 84 years, Thomas Edison acquired a record number of 1,093 patents (singly or jointly) and was the driving force behind such innovations as the phonograph, the incandescent light bulb and one of the earliest motion picture cameras. He also created the world’s first industrial research laborato...

Deskribapen osoa

Gorde:
Xehetasun bibliografikoak
Egile nagusia: Josephson, Matthew
Formatua: Liburua
Hizkuntza:Undetermined
Argitaratua: New York McGraw-Hill 1959
Gaiak:
Etiketak: Etiketa erantsi
Etiketarik gabe, Izan zaitez lehena erregistro honi etiketa jartzen!
Thư viện lưu trữ: Trung tâm Học liệu Trường Đại học Cần Thơ
LEADER 01273nam a2200229Ia 4500
001 CTU_228571
008 210402s9999 xx 000 0 und d
082 |a 621.3092 
082 |b J83 
100 |a Josephson, Matthew 
245 0 |a Edison : 
245 2 |b A biography 
245 0 |c Matthew Josephson 
260 |a New York 
260 |b McGraw-Hill 
260 |c 1959 
520 |a In his 84 years, Thomas Edison acquired a record number of 1,093 patents (singly or jointly) and was the driving force behind such innovations as the phonograph, the incandescent light bulb and one of the earliest motion picture cameras. He also created the world’s first industrial research laboratory. Known as the “Wizard of Menlo Park,” for the New Jersey town where he did some of his best-known work, Edison had become one of the most famous men in the world by the time he was in his 30s. In addition to his talent for invention, Edison was also a successful manufacturer and businessman who was highly skilled at marketing his inventions–and himself–to the public. 
650 |a Nhà phát minh,Inventors 
650 |x Tiểu sử,Biography 
650 |z Hoa Kỳ,United States 
910 |b dqhieu 
980 |a Trung tâm Học liệu Trường Đại học Cần Thơ